| 000 | 01458nam a2200385Ia 4500 | ||
|---|---|---|---|
| 001 | dia_5641 | ||
| 003 | CHAP | ||
| 005 | 20240430083022.0 | ||
| 007 | ta | ||
| 008 | 220117s1998 mx fr 001 0 spa d | ||
| 040 |
_cCHAP _amxchpua |
||
| 090 |
_aT.C.246 _bP47 IAI _c1998 |
||
| 245 | 1 | 0 |
_aEstudio de la interrelación agricultura-industria de la región socioeconómica Playa Vicente, región Bajo Papaloapan / _ccoordinador Fernando Pérez Pelayo ; colaboradores José Manuel Acosta Robles...[et al.] |
| 260 |
_aMéxico : _bEl autor, _c1998 |
||
| 300 |
_a117 hojas : _btablas |
||
| 336 |
_2rdacontent _atexto _btxt |
||
| 337 |
_2rdamedia _asin medio _bn |
||
| 338 |
_2rdacarrier _avolumen _bnc |
||
| 502 |
_aViaje de Estudios _b(ETIPA) -- _cUACh. Departamento de Ingeniería Agroindustrial, _d1998 |
||
| 504 | _aBibliografías: hojas 116-117 | ||
| 650 | 1 | 3 |
_aAgricultura _9158273 _zMéxico _zVeracruz |
| 650 | 1 | 3 |
_aGanadería _944604 |
| 650 | 1 | 3 |
_aIndustrias agrícolas _9158322 _zMéxico _zVeracruz |
| 650 | 1 | 3 |
_aAgricultural industry _9154211 _zMexico _zVeracruz |
| 650 | 1 | 3 |
_aAgriculture _9159104 _zMexico _zVeracruz |
| 650 | 1 | 3 | _aCattle |
| 700 | 1 |
_aPérez Pelayo, Fernando _9147691 _ecoordinador |
|
| 700 | 1 |
_aAcosta Robles, José Manuel _ecolaborador _9695 |
|
| 901 | _aT.C.246 P47 IAI 1998 | ||
| 902 | _aM | ||
| 905 | _a5332271998 mx n 8223223322spa16 | ||
| 942 | _2local | ||
| 942 | _cVE | ||
| 999 |
_c176566 _d176566 |
||